Biggest Cities by Decade (1100-1190) - Statistics

General Stats
  • This quiz has been taken 33 times
  • The average score is 38 of 70
Answer Stats
Year Rank Population Answer % Correct
2. 210,000 Constantinople
100%
2. 220,000 Constantinople
100%
2. 240,000 Constantinople
100%
2. 240,000 Constantinople
100%
2. 240,000 Constantinople
100%
1150 1. 250,000 Constantinople
100%
1160 1. 250,000 Constantinople
100%
1170 1. 250,000 Constantinople
100%
1180 1. 250,000 Constantinople
100%
1190 1. 250,000 Constantinople
100%
4. 150,000 Cairo
77%
4. 150,000 Cairo
77%
4. 150,000 Cairo
77%
5. 150,000 Cairo
77%
5. 150,000 Cairo
77%
7. 150,000 Cairo
77%
7. 150,000 Cairo
77%
7. 150,000 Cairo
77%
6. 160,000 Cairo
77%
5. 180,000 Cairo
77%
5. 150,000 Kyoto
58%
5. 150,000 Kyoto
58%
5. 150,000 Kyoto
58%
6. 150,000 Kyoto
58%
6. 150,000 Kyoto
58%
6. 150,000 Seville
58%
6. 150,000 Seville
58%
6. 150,000 Seville
58%
5. 150,000 Seville
58%
7. 150,000 Seville
58%
7. 150,000 Seville
58%
7. 150,000 Seville
58%
1100 1. 440,000 Bian
54%
1110 1. 430,000 Bian
54%
1120 1. 420,000 Bian
54%
1130 1. 370,000 Bian
54%
1140 1. 260,000 Bian
54%
6. 150,000 Bian
54%
3. 200,000 Angkor
50%
3. 200,000 Angkor
50%
3. 200,000 Angkor
50%
3. 200,000 Angkor
50%
3. 200,000 Angkor
50%
2. 200,000 Angkor
50%
2. 200,000 Angkor
50%
2. 200,000 Angkor
50%
5. 150,000 Lin'An
35%
4. 170,000 Lin'An
35%
4. 190,000 Lin'An
35%
2. 210,000 Lin'An
35%
2. 230,000 Lin'An
35%
4. 150,000 Merv
31%
4. 180,000 Merv
31%
3. 200,000 Merv
31%
3. 200,000 Merv
31%
3. 200,000 Merv
31%
3. 200,000 Merv
31%
3. 200,000 Merv
31%
4. 160,000 Fez
27%
5. 160,000 Fez
27%
5. 170,000 Fez
27%
4. 180,000 Fez
27%
4. 190,000 Fez
27%
6. 150,000 Bagan
15%
6. 160,000 Bagan
15%
5. 160,000 Bagan
15%
6. 170,000 Bagan
15%
7. 150,000 Kalyani
15%
7. 140,000 Kalyani
15%
7. 130,000 Kalyani
15%
No matching quizzes found
Score Distribution
Percent of People with Each Score
Percentile by Number Answered
Your Score History
You have not taken this quiz